Menedžerska teorija poduzeca o maksimizaciji prihoda.

Rozhodovanie o správaní sa určitej podnikateľskej korporácie. Teória o úlohe manažéra v podniku. Voľba výrobných procesov, propagácia podniku, inovácia výrobkov, investície, rozdeľovanie dôchodku. Model maximalizácie dôchodku. Ako ovplyvňuje zdaňovanie zisku a výška nákladov na reklamu dosahovaný zi...

Descrizione completa

Salvato in:
Dettagli Bibliografici
Autore principale: Benic, D.
Natura: Capitolo di libro
Lingua:serbo
Soggetti:
Tags: Aggiungi Tag
Nessun Tag, puoi essere il primo ad aggiungerne!!

MARC

LEADER 00000naa a2200000 4500
001 r003753
005 20220819194255.4
041 0 |a srp 
044 |a [YU] 
245 1 0 |a Menedžerska teorija poduzeca o maksimizaciji prihoda.  |c D. Benic 
520 |a Rozhodovanie o správaní sa určitej podnikateľskej korporácie. Teória o úlohe manažéra v podniku. Voľba výrobných procesov, propagácia podniku, inovácia výrobkov, investície, rozdeľovanie dôchodku. Model maximalizácie dôchodku. Ako ovplyvňuje zdaňovanie zisku a výška nákladov na reklamu dosahovaný zisk - grafické znázornenie. 
610 2 0 |a podnik 
610 2 0 |a riadenie podnikové 
610 2 0 |a pracovníci riadiaci 
610 2 0 |a proces výrobný 
610 2 0 |a inovácia 
610 2 0 |a investície 
610 2 0 |a dôchodok podniku 
610 2 0 |a zisk podnikový 
610 2 0 |a reklama 
100 1 |a Benic, D.